English domestic clocks (Record no. 7605)

MARC details
000 -CABECERA
campo de control de longitud fija 00763nam a2200241 a 4500
001 - NÚMERO DE CONTROL
campo de control BRCA_7935
005 - FECHA Y HORA DE LA ÚLTIMA TRANSACCIÓN
campo de control 20190320210046.0
008 - DATOS DE LONGITUD FIJA--INFORMACIÓN GENERAL
campo de control de longitud fija 070314s1969----enka###f##---#000-0#eng-#
041 ## - CÓDIGO DE LENGUA
Código de lengua del texto/banda sonora o título independiente eng
044 ## - CÓDIGO DEL PAÍS DE LA ENTIDAD EDITORA/PRODUCTORA
Código MARC del país enk
050 #4 - SIGNATURA TOPOGRÁFICA DE LA BIBLIOTECA DEL CONGRESO
Número de clasificación NK7495
Número de documento/Ítem .C46
-- 1969
100 1# - ENTRADA PRINCIPAL--NOMBRE DE PERSONA
Nombre de persona Cescinsky, Herbert
9 (RLIN) 14805
245 10 - MENCIÓN DE TÍTULO
Título English domestic clocks
Mención de responsabilidad, etc. by Herbert Cescinsky and Malcom R. Webster
260 ## - PUBLICACIÓN, DISTRIBUCIÓN, ETC.
Lugar de publicación, distribución, etc. Londres
Nombre del editor, distribuidor, etc. Spring Books
Fecha de publicación, distribución, etc. 1969
300 ## - DESCRIPCIÓN FÍSICA
Extensión 354 p.
Otras características físicas il., 12 láminas
Dimensiones 31 cm.
500 ## - NOTA GENERAL
Nota general 3020
500 ## - NOTA GENERAL
Nota general Ilustraciones de los dibujos y fotografías elaboradas por los autores
650 14 - PUNTO DE ACCESO ADICIONAL DE MATERIA--TÉRMINO DE MATERIA
Término de materia o nombre geográfico como elemento de entrada Relojes
Subdivisión de forma Historia
9 (RLIN) 19643
650 14 - PUNTO DE ACCESO ADICIONAL DE MATERIA--TÉRMINO DE MATERIA
Término de materia o nombre geográfico como elemento de entrada Relojes
Subdivisión de forma Decoración de interiores
Subdivisión geográfica Inglaterra
9 (RLIN) 19644
700 1# - PUNTO DE ACCESO ADICIONAL--NOMBRE DE PERSONA
Nombre de persona Webster, Malcom R.
Término indicativo de función/relación coaut.
9 (RLIN) 19645
902 ## - CATALOGADOR
Iniciales GFM
942 ## - ELEMENTOS DE PUNTO DE ACCESO ADICIONAL (KOHA)
Fuente del sistema de clasificación o colocación Library of Congress Classification
Tipo de ítem Koha Libros
Holdings
Estado de retiro Estado de pérdida Estado dañado No para préstamo Localización permanente Ubicación/localización actual Fecha de adquisición Número de inventario Total de préstamos Signatura topográfica completa Código de barras Fecha visto por última vez Precio válido a partir de Tipo de ítem Koha
El ejemplar forma parte de la colección y puede ser consultado según las políticas vigentes.       Biblioteca del Museo Franz Mayer (Rogerio Casas-Alatriste) Biblioteca del Museo Franz Mayer (Rogerio Casas-Alatriste) 07/03/2014 3020   NK7495 .C46 1969 (3020) 8546 22/03/2019 22/03/2019 Libros